000 00431nam a2200169Ia 4500
003 GCL
008 140319s9999 xx 000 0 eng d
040 _aGCL /
_cGCL
082 0 4 _a034
_bH G
100 1 _aHACHETTE
245 1 0 _aDICTIONNAIRE HACHETTE ENCYCLOPEDIQUE ILLUSTRE /
_cHACHETTE
260 _a[S.N] :
_bHACHETTE ،
_c1992
300 _a2066 P
650 0 4 _aFRENCH LANGUAGE
650 0 4 _aENCYCLOPEDIES
942 _2ddc
_cBK
999 _c22690
_d22690